Devotions /

Bibliographic Details
Main Author: Donne, John, 1572-1631
Other Authors: Walton, Izaak, 1593-1683
Format: Book
Language:English
Published: London : W. Pickering, 1840.

MARC

Tag First Indicator Second Indicator Subfields
LEADER 00000cam a2200000 i 4500
001 in00001002613
005 20150927184252.0
008 790822s1840 enk 00010 eng d
035 |a (OCoLC)05298937 
035 |9 AEZ6302AM 
040 |a OKU  |c OKU  |d m.c.  |d OCL  |d TXA  |d UtOrBLW 
049 |a TXA1 [RARE] 
090 |a PR2246  |b .D49 1840 
100 1 |a Donne, John,  |d 1572-1631. 
245 1 0 |a Devotions /  |c by John Donne ; with two sermons : I. On the decease of Lady Danvers, mother of George Herbert ; II. Deaths duel--his own funeral sermon ; to which is prefixed his life, by Izaak Walton. 
264 1 |a London :  |b W. Pickering,  |c 1840. 
300 |a cviii, 227 pages :  |b illustrations ;  |c 18 cm. 
336 |a text  |b txt  |2 rdacontent 
337 |a unmediated  |b n  |2 rdamedia 
338 |a volume  |b nc  |2 rdacarrier 
700 1 |a Walton, Izaak,  |d 1593-1683. 
700 1 |a Donne, John,  |d 1572-1631.  |t Devotions upon emergent occasions. 
700 1 |a Donne, John,  |d 1572-1631.  |t Sermon of commemoration of the death of the Lady Danvers. 
700 1 |a Donne, John,  |d 1572-1631.  |t Deaths duell. 
999 |a MARS 
999 f f |s e0c48028-d737-332d-9fea-b1712bef0e40  |i 3e1ab875-9339-3152-b89d-6a43294fa67e  |t 0 
952 f f |p noncirc  |a Texas A&M University  |b College Station  |c Cushing Memorial Library & Archives  |d Cushing: Rare Books (Does not check out)  |t 0  |e PR2246 .D49 1840  |h Library of Congress classification  |i unmediated -- volume 
998 f f |a PR2246 .D49 1840  |t 0  |l Cushing: Rare Books (Does not check out)